00658nam a2200217 a 450000100060000000300080000600500170001400800410003103500140007204000260008604100080011208200220012010000210014224500840016326000440024730000330029150400490032465000150037370000310038870000210041974447BD-RjUL20211209082543.0180927s1941 a|||| b||| 001 0 eng d a(BD-RjUL) aBD-RjULbengcBD-RjUL aeng 223a657bNOA 19411 a S.Noble, Howard10aAdvance Accounting /c Howard S.Noble , Wilbert E. Karrenbrock and Harry Simon aNew York : bSouth-Western pub ,cc1941 aXii ,846 p. :bill. ;c22 cm aIncludes bibliographical Reference and Index aAccounting aKarrenbrock, Wilbert E. jt aSimon, Harry jt